|
|
|
|
| LEADER |
00000ny a22000003n 4500 |
| 005 |
2011062108188.0 |
| 006 |
m u |
| 007 |
cr cn||||||||| |
| 008 |
200508r2003 sp |||||s|||||||||||spa d |
| 020 |
|
|
|a 9788497721738
|
| 035 |
|
|
|a 268
|
| 040 |
|
|
|a FlNmELB
|c FlNmELB
|d vlex
|
| 050 |
1 |
4 |
|a K247.6
|b T781 2003eb
|
| 080 |
|
|
|a 340.12
|
| 090 |
|
|
|c 1317
|d 1317
|
| 100 |
1 |
|
|a Traverso, Juan Damian
|
| 245 |
1 |
3 |
|a La razon del deber moral y juridico
|h [Recurso electrn̤ico]
|c Juan Damian Traverso
|
| 256 |
|
|
|a Servicio en ln̕ea
|
| 260 |
|
|
|a Madrid :
|b Dykinson,
|c 2003
|
| 300 |
|
|
|a 7-117 p
|
| 506 |
1 |
|
|a Contenido solo disponible en los productos indicados
|d vLex Global
|d vLex Global (Academic Edition, excluding Law Schools)
|d vLex Global (U.S. Academic Edition, Law Schools)
|d vLex Global (U.S. Academic Edition, excluding Law Schools)
|d vLex Global (Academic Edition, Law Schools)
|
| 650 |
0 |
7 |
|a Filosofa̕ del derecho
|2 Tesauro vLex
|
| 650 |
0 |
7 |
|2 Tesauro vLex
|a Educacin̤ pb︢lica
|
| 650 |
0 |
7 |
|2 Tesauro vLex
|a Derechos educativos
|
| 740 |
0 |
|
|a vLex Libros (Servicios en ln̕ea)
|
| 856 |
4 |
0 |
|u http://vlex.com/source/268
|z Acceso restringido
|
| 942 |
|
|
|c BOOK
|